ARRUPE JESUIT UNIVERSITY

CORONAVIRUS -STOP THE SPREAD - CLEAN,DISINFECT,COVER

Appropriate technology sourcebook / (Record no. 129975)

MARC details
000 -LEADER
fixed length control field 00975cam a2200313 a 4500
001 - CONTROL NUMBER
control field 434389
003 - CONTROL NUMBER IDENTIFIER
control field ARRUPE
005 - DATE AND TIME OF LATEST TRANSACTION
control field 20191112105847.0
008 - FIXED-LENGTH DATA ELEMENTS--GENERAL INFORMATION
fixed length control field 811216m19819999caua 001 0 eng
010 ## - LIBRARY OF CONGRESS CONTROL NUMBER
LC control number 81176018
020 ## - INTERNATIONAL STANDARD BOOK NUMBER
International Standard Book Number 0917704096 (pbk. : set)
020 ## - INTERNATIONAL STANDARD BOOK NUMBER
International Standard Book Number 0917704134 (set)
020 ## - INTERNATIONAL STANDARD BOOK NUMBER
International Standard Book Number 0917704061 (pbk. : v. 2) :
Terms of availability $6.50
020 ## - INTERNATIONAL STANDARD BOOK NUMBER
International Standard Book Number 0917704118 (v. 2) :
Terms of availability $11.50
040 ## - CATALOGING SOURCE
Original cataloging agency DLC
Transcribing agency DLC
Modifying agency DLC
050 00 - LIBRARY OF CONGRESS CALL NUMBER
Classification number T49.5
Item number .D37
082 00 - DEWEY DECIMAL CLASSIFICATION NUMBER
Classification number 338.9/27
Edition number 19
300 ## - PHYSICAL DESCRIPTION
Other physical details ill. ;
Dimensions 24 cm.
100 1# - MAIN ENTRY--PERSONAL NAME
Personal name Darrow, Ken.
9 (RLIN) 48519
245 10 - TITLE STATEMENT
Title Appropriate technology sourcebook /
Statement of responsibility, etc by Ken Darrow, Kent Keller, Rick Pam.
260 ## - PUBLICATION, DISTRIBUTION, ETC. (IMPRINT)
Place of publication, distribution, etc Stanford, Calif. :
Name of publisher, distributor, etc Volunteers in Asia,
Date of publication, distribution, etc 1986
300 ## - PHYSICAL DESCRIPTION
Extent 800p. ;
500 ## - GENERAL NOTE
General note Includes index.
650 #0 - SUBJECT ADDED ENTRY--TOPICAL TERM
Topical term or geographic name as entry element Appropriate technology.
9 (RLIN) 48520
700 1# - ADDED ENTRY--PERSONAL NAME
Personal name Keller, Kent.
9 (RLIN) 48521
700 1# - ADDED ENTRY--PERSONAL NAME
Personal name Pam, Rick.
9 (RLIN) 48522
710 2# - ADDED ENTRY--CORPORATE NAME
Corporate name or jurisdiction name as entry element Volunteers in Asia, inc.
9 (RLIN) 48523
906 ## - LOCAL DATA ELEMENT F, LDF (RLIN)
a 7
b cbc
c orignew
d 2
e ncip
f 19
g y-gencatlg
942 ## - ADDED ENTRY ELEMENTS (KOHA)
Source of classification or shelving scheme Library of Congress Classification
Koha item type Monograph ( Printed materials)
Holdings
Withdrawn status Lost status Source of classification or shelving scheme Damaged status Not for loan Collection code Home library Current library Shelving location Date acquired Total Checkouts Full call number Barcode Date last seen Price effective from Koha item type
    Library of Congress Classification     Main Collection ARRUPE LIBRARY ARRUPE LIBRARY Main Collection 12/11/2019   T49.5 .D37 46600005754 12/11/2019 12/11/2019 Monograph ( Printed materials)

 

Arrupe Library. PO Box MP320 Mt Pleasant, Harare, Zimbabwe
263 242 745411|librarian@aju.ac.zw